Federal Republic of Yugoslavia : Selected Issues and Statistical Appendix.

This Selected Issues paper and Statistical Appendix for the Federal Republic of Yugoslavia outlines the progress made in the fiscal area since late 2000, focusing on the overall fiscal adjustment (developments in revenue and expenditure) and reforms of the tax system and social spending. The paper a...

Ausführliche Beschreibung

Bibliographische Detailangaben
Körperschaft: International Monetary Fund
Format: Zeitschrift
Sprache:English
Veröffentlicht: Washington, D.C. : International Monetary Fund, 2002.
Schriftenreihe:IMF Staff Country Reports; Country Report ; No. 2002/103
Online Zugang:Full text available on IMF
LEADER 01597cas a2200241 a 4500
001 AALejournalIMF001986
008 230101c9999 xx r poo 0 0eng d
020 |c 5.00 USD 
020 |z 9781451840889 
022 |a 1934-7685 
040 |a BD-DhAAL  |c BD-DhAAL 
110 2 |a International Monetary Fund. 
245 1 0 |a Federal Republic of Yugoslavia :   |b Selected Issues and Statistical Appendix. 
264 1 |a Washington, D.C. :  |b International Monetary Fund,  |c 2002. 
300 |a 1 online resource (81 pages) 
490 1 |a IMF Staff Country Reports 
500 |a <strong>Off-Campus Access:</strong> No User ID or Password Required 
500 |a <strong>On-Campus Access:</strong> No User ID or Password Required 
506 |a Electronic access restricted to authorized BRAC University faculty, staff and students 
520 3 |a This Selected Issues paper and Statistical Appendix for the Federal Republic of Yugoslavia outlines the progress made in the fiscal area since late 2000, focusing on the overall fiscal adjustment (developments in revenue and expenditure) and reforms of the tax system and social spending. The paper also presents an overview of financial sector reforms in Serbia and Montenegro, elaborates on the closure of the four largest state-owned banks in Serbia, and outlines progress in strengthening prudential supervision in both republics. 
538 |a Mode of access: Internet 
830 0 |a IMF Staff Country Reports; Country Report ;  |v No. 2002/103 
856 4 0 |z Full text available on IMF  |u http://elibrary.imf.org/view/journals/002/2002/103/002.2002.issue-103-en.xml  |z IMF e-Library